[Event "Montreal m"]
[Site "Montreal CAN"]
[Date "1982.??.??"]
[Round "4"]
[White "Spraggett, Kevin"]
[Black "Hebert, Jean"]
[Result "1-0"]
[WhiteElo "2465"]
[BlackElo "2425"]
[PlyCount "45"]
[GameId "2160767912848917"]
[EventDate "1982.??.??"]
[EventType "match"]
[EventRounds "4"]
[EventCountry "CAN"]
[SourceTitle "EXT 2003"]
[Source "ChessBase"]
[SourceDate "2002.11.25"]
[SourceVersion "1"]
[SourceVersionDate "2002.11.25"]
[SourceQuality "1"]

1. e4 c5 2. Nf3 d6 3. d4 cxd4 4. Nxd4 Nf6 5. Nc3 e6 6. f4 Nc6 7. Be3 Be7 8. Qf3 O-O 9. O-O-O Qc7 10. Rg1 Nxd4 11. Bxd4 a6 12. g4 Nd7 13. g5 Re8 14. Rg3 b5 15. Qh5 b4 16. Bxg7 Kxg7 17. f5 Rh8 18. fxe6 fxe6 19. Qh6+ Kf7 20. g6+ Ke8 21. g7 Rg8 22. Qh5+ Kd8 23. Qf7 1-0

[Event "Montreal op"]
[Site "Montreal CAN"]
[Date "1981.09.05"]
[Round "1"]
[White "Hebert, Jean"]
[Black "Ethier, Bertrand"]
[Result "1-0"]
[WhiteElo "2416"]
[BlackElo "1655"]
[PlyCount "63"]
[GameId "2160767912849162"]
[EventDate "1981.09.05"]
[EventType "swiss"]
[EventRounds "6"]
[EventCountry "CAN"]
[SourceTitle "Spechecs #6"]

1. d4 Nf6 2. c4 e5 3. dxe5 Ng4 4. Nf3 Nc6 5. a3 Ncxe5 6. Nxe5 Nxe5 7. e4 d6 8. Nc3 c6 9. Be2 Qh4 10. O-O Be7 11. f3 f5 12. f4 Ng4 13. Bxg4 fxg4 14. Qd3 Be6 15. b3 O-O-O 16. Be3 Kb8 17. Qd4 c5 18. Qd3 Rhe8 19. b4 Bf6 20. g3 Qh5 21. Rab1 Qf7 22. Nd5 Bxd5 23. cxd5 Qe7 24. e5 dxe5 25. bxc5 Ka8 26. f5 e4 27. Qc4 Rc8 28. Rb3 Qc7 29. Rfb1 Be7 30. Rxb7 Qxb7 31. Rxb7 Kxb7 32. d6 1-0

[Event "Montreal op"]
[Site "Montreal CAN"]
[Date "1981.09.05"]
[Round "2"]
[White "Kurtz, Murray"]
[Black "Hebert, Jean"]
[Result "0-1"]
[WhiteElo "1910"]
[BlackElo "2416"]
[PlyCount "62"]
[GameId "2160767912849167"]
[EventDate "1981.09.05"]
[EventType "swiss"]
[EventRounds "6"]
[EventCountry "CAN"]
[SourceTitle "Spechecs #6"]

1. d4 Nf6 2. c4 e6 3. g3 c5 4. d5 exd5 5. cxd5 d6 6. Bg2 g6 7. Nc3 Bg7 8. Nf3 O-O 9. O-O a6 10. a4 Re8 11. Nd2 Nbd7 12. Nc4 Ne5 13. Nxe5 Rxe5 14. Bf4 Re8 15. Qd3 Rb8 16. Rfe1 Ng4 17. h3 Ne5 18. Qc2 b5 19. axb5 axb5 20. Ra7 Bf5 21. Qc1 Qb6 22. Qa1 Nc4 23. e4 Bc8 24. e5 Nxe5 25. Ne4 Bb7 26. Bxe5 Bxe5 27. f4 Bd4+ 28. Kh2 Kg7 29. Ra3 b4 30. Rd3 Bxd5 31. Qc1 Qc6 0-1

[Event "Quebec op"]
[Site "Montreal CAN"]
[Date "1981.08.02"]
[Round "1"]
[White "Hebert, Jean"]
[Black "Morin, Louis"]
[Result "1-0"]
[WhiteElo "2441"]
[BlackElo "1832"]
[PlyCount "81"]
[GameId "2160767912849199"]
[EventDate "1981.08.02"]
[EventType "swiss"]
[EventRounds "8"]
[EventCountry "CAN"]
[SourceTitle "EXT 2022"]
[Source "ChessBase"]
[SourceDate "2021.10.06"]
[SourceVersion "1"]
[SourceVersionDate "2021.10.06"]
[SourceQuality "1"]

1. e4 e5 2. Nf3 d6 3. d4 Nf6 4. Nc3 Nbd7 5. Bc4 Be7 6. O-O O-O 7. dxe5 dxe5 8. Qe2 c6 9. a4 a5 10. h3 Qc7 11. Nh4 g6 12. Bh6 Rd8 13. Nf3 Nf8 14. Ng5 Ne6 15. Nxe6 Bxe6 16. Bxe6 fxe6 17. Qc4 Kf7 18. f4 Rd4 19. Qa2 Bc5 20. Kh1 Bd6 21. f5 gxf5 22. Rxf5 Rg8 23. Raf1 Be7 24. h4 Rg6 25. Be3 Rb4 26. h5 Rg4 27. Bg5 Rxg5 28. Rxg5 Qd6 29. Rgf5 Kg7 30. Rd1 Rd4 31. Rxd4 exd4 32. e5 Qd7 33. exf6+ Bxf6 34. Rxf6 Kxf6 35. Ne4+ Ke5 36. Ng5 Kf5 37. Nf3 Qf7 38. Nxd4+ Ke5 39. Nf3+ Kd6 40. Qa3+ Kc7 41. Qc5 1-0

[Event "Quebec op"]
[Site "Montreal CAN"]
[Date "1981.08.03"]
[Round "2"]
[White "Fraser, Michel"]
[Black "Hebert, Jean"]
[Result "0-1"]
[WhiteElo "1968"]
[BlackElo "2441"]
[PlyCount "58"]
[GameId "2160767912849202"]
[EventDate "1981.08.02"]
[EventType "swiss"]
[EventRounds "8"]
[EventCountry "CAN"]
[SourceTitle "EXT 2022"]
[Source "ChessBase"]
[SourceDate "2021.10.06"]
[SourceVersion "1"]
[SourceVersionDate "2021.10.06"]
[SourceQuality "1"]

1. e4 e6 2. d4 d5 3. exd5 exd5 4. Nf3 c6 5. Bf4 Bd6 6. Qd2 Nf6 7. Nc3 O-O 8. Bxd6 Qxd6 9. O-O-O b5 10. Bd3 a5 11. Ne5 Nbd7 12. Rde1 Nb6 13. g4 Nc4 14. Bxc4 bxc4 15. g5 Ne8 16. Rhg1 Nc7 17. h4 g6 18. h5 Bf5 19. Rh1 Ne6 20. f3 Ra7 21. Rh4 Rb8 22. Nd1 a4 23. Ne3 a3 24. b3 Bxc2 25. Qxc2 cxb3 26. axb3 a2 27. Kd2 Nxd4 28. Rxd4 Qxe5 29. Ra4 Rxa4 0-1

[Event "Quebec op"]
[Site "Montreal CAN"]
[Date "1981.08.05"]
[Round "4"]
[White "Billard, Michel"]
[Black "Hebert, Jean"]
[Result "0-1"]
[WhiteElo "1925"]
[BlackElo "2441"]
[PlyCount "83"]
[GameId "2160767912849210"]
[EventDate "1981.08.02"]
[EventType "swiss"]
[EventRounds "8"]
[EventCountry "CAN"]
[SourceTitle "EXT 2022"]
[Source "ChessBase"]
[SourceDate "2021.10.06"]
[SourceVersion "1"]
[SourceVersionDate "2021.10.06"]
[SourceQuality "1"]

1. f4 d5 2. Nf3 g6 3. e3 Bg7 4. c3 Nf6 5. d4 O-O 6. Bd3 Bf5 7. O-O Nbd7 8. Bxf5 gxf5 9. Bd2 e6 10. Be1 c5 11. Bh4 Qb6 12. Bxf6 Nxf6 13. Rf2 Ne4 14. Re2 cxd4 15. cxd4 Rfc8 16. Nbd2 Rc7 17. Rc1 Rac8 18. Rxc7 Qxc7 19. Nxe4 fxe4 20. Ne1 Qa5 21. a3 Rc4 22. Kf2 b5 23. Rc2 Qa4 24. Rd2 Qxd1 25. Rxd1 Bf8 26. b4 f6 27. Rd2 Kf7 28. Rc2 Bd6 29. Rxc4 bxc4 30. Nc2 h5 31. h3 h4 32. g3 hxg3+ 33. Kxg3 Kg6 34. Kg4 Bc7 35. Kh4 Kf5 36. a4 a5 37. bxa5 Bxa5 38. Kh5 Bd8 39. Kh6 e5 40. fxe5 fxe5 41. dxe5 Kxe5 42. Kh5 0-1

[Event "Quebec op"]
[Site "Montreal CAN"]
[Date "1981.08.06"]
[Round "5"]
[White "Hebert, Jean"]
[Black "Delva, Jean"]
[Result "1-0"]
[WhiteElo "2441"]
[BlackElo "1992"]
[PlyCount "117"]
[GameId "2160767912849216"]
[EventDate "1981.08.02"]
[EventType "swiss"]
[EventRounds "8"]
[EventCountry "CAN"]
[SourceTitle "EXT 2022"]
[Source "ChessBase"]
[SourceDate "2021.10.06"]
[SourceVersion "1"]
[SourceVersionDate "2021.10.06"]
[SourceQuality "1"]

1. e4 e5 2. Nf3 Nc6 3. d4 exd4 4. Nxd4 Bc5 5. Nb3 Bb6 6. a4 a6 7. Nc3 Qf6 8. Qe2 Nge7 9. Nd5 Nxd5 10. exd5+ Ne7 11. a5 Ba7 12. h4 d6 13. Bg5 Qe5 14. Qxe5 dxe5 15. Rd1 f6 16. Be3 Bxe3 17. fxe3 Bf5 18. Bd3 O-O-O 19. Bxf5+ Nxf5 20. Rh3 Nd6 21. Nc5 e4 22. b3 f5 23. c4 g6 24. Ke2 Nf7 25. Rf1 Ne5 26. h5 Rdg8 27. hxg6 hxg6 28. Rfh1 Nf7 29. Ne6 Rxh3 30. Rxh3 Rh8 31. Rxh8+ Nxh8 32. Ng5 Kd7 33. c5 Ke7 34. b4 c6 35. d6+ Kf6 36. Nh3 g5 37. Kd2 Nf7 38. Kc3 Ne5 39. Kd4 Nd7 40. g4 Nf8 41. Nf2 Ne6+ 42. Kc3 Ke5 43. gxf5 Kxf5 44. Kd2 g4 45. Ke2 g3 46. Nh3 Kg4 47. Ng1 Kf5 48. Kf1 Ke5 49. Ne2 Nf8 50. Nf4 Nd7 51. Kg2 Kf5 52. Kxg3 Kf6 53. Kf2 Ne5 54. Ke2 Nc4 55. Nh5+ Ke6 56. Ng3 Nxd6 57. cxd6 Kxd6 58. Nxe4+ Kd5 59. Kd3 1-0

[Event "Quebec op"]
[Site "Montreal CAN"]
[Date "1981.08.08"]
[Round "7"]
[White "Rousseau, Jean Francois1"]
[Black "Hebert, Jean"]
[Result "1-0"]
[WhiteElo "2217"]
[BlackElo "2441"]
[PlyCount "47"]
[GameId "2160767912849229"]
[EventDate "1981.08.02"]
[EventType "swiss"]
[EventRounds "8"]
[EventCountry "CAN"]
[SourceTitle "EXT 2022"]
[Source "ChessBase"]
[SourceDate "2021.10.06"]
[SourceVersion "1"]
[SourceVersionDate "2021.10.06"]
[SourceQuality "1"]

1. e4 c5 2. Nf3 d6 3. Nc3 e6 4. g3 Nc6 5. Bg2 Be7 6. O-O Bd7 7. h3 Nf6 8. d3 O-O 9. Be3 Rb8 10. Nh2 d5 11. exd5 exd5 12. d4 Be6 13. Nf3 Ne4 14. Ne2 c4 15. c3 Bd6 16. Bf4 Re8 17. Nd2 Bf5 18. Re1 h6 19. Bxd6 Qxd6 20. Nf4 Re7 21. Nf1 Nf6 22. Ne3 Be4 23. Nh5 Rbe8 24. Nxg7 1-0

[Event "CAN-op"]
[Site "Quebec CAN"]
[Date "1981.07.12"]
[Round "2"]
[White "Hebert, Jean"]
[Black "Cote, Jacques"]
[Result "1-0"]
[WhiteElo "2438"]
[BlackElo "1769"]
[PlyCount "81"]
[GameId "2160767912849331"]
[EventDate "1981.07.11"]
[EventType "swiss"]
[EventRounds "10"]
[EventCountry "CAN"]
[SourceTitle "CFC 1981.11"]

1. e4 c5 2. Nf3 Nc6 3. Nc3 Nf6 4. Bb5 a6 5. Bxc6 dxc6 6. d3 Qc7 7. O-O Bg4 8. a4 e6 9. a5 Bd6 10. h3 Bh5 11. Re1 Nd7 12. Qe2 f6 13. Be3 O-O-O 14. Na4 e5 15. c3 Rde8 16. Nb6+ Nxb6 17. axb6 Qf7 18. Ra5 Qb3 19. Rea1 Bxf3 20. Qxf3 Qxb2 21. Qg4+ Kb8 22. Qxg7 Qxb6 23. Qxf6 Qd8 24. Qf7 Bc7 25. Rxc5 Bb6 26. Rb1 Re7 27. Qc4 Bxc5 28. Qxc5 Kc8 29. d4 Qc7 30. f4 exd4 31. cxd4 Rhe8 32. e5 Rd7 33. f5 Rd5 34. Qa7 Rf8 35. f6 Qb8 36. Qxb8+ Kxb8 37. Rf1 c5 38. e6 cxd4 39. e7 Rc8 40. Bf4+ Ka7 41. f7 1-0

[Event "CAN-op"]
[Site "Quebec CAN"]
[Date "1981.07.12"]
[Round "3"]
[White "Lacroix, Serge"]
[Black "Hebert, Jean"]
[Result "0-1"]
[WhiteElo "1927"]
[BlackElo "2438"]
[PlyCount "106"]
[GameId "2160767912849336"]
[EventDate "1981.07.11"]
[EventType "swiss"]
[EventRounds "10"]
[EventCountry "CAN"]
[SourceTitle "CFC 1981.11"]

1. Nf3 Nf6 2. d4 c5 3. d5 e6 4. c4 exd5 5. cxd5 d6 6. Nc3 g6 7. g3 Bg7 8. Bg2 O-O 9. O-O a6 10. a4 Nbd7 11. Nd2 Re8 12. e4 Rb8 13. Nc4 Nb6 14. Ne3 Bd7 15. Qc2 Nc8 16. a5 Ng4 17. h3 Nxe3 18. Bxe3 Na7 19. Bd2 h5 20. h4 Bb5 21. Rfe1 Bd4 22. Be3 Bf6 23. Qd2 Qd7 24. Kh2 Kh7 25. Bg5 Bg7 26. Bh3 Qc7 27. f3 Bd7 28. Bf1 Ra8 29. Ra3 Nb5 30. Nxb5 Bxb5 31. Bh3 b6 32. g4 hxg4 33. Bxg4 bxa5 34. h5 Bd7 35. hxg6+ fxg6 36. Rg1 Rab8 37. Ra2 Rb3 38. Rg2 a4 39. Qf2 Bxg4 40. Rxg4 Qf7 41. Kg2 Rf8 42. Rh4+ Kg8 43. Rh3 Bd4 44. Qg3 Bxb2 45. Qxd6 Rxf3 46. Qe6 Qxe6 47. dxe6 Rxh3 48. Rxb2 Rb3 49. Rc2 a3 50. Bc1 Re8 51. Rxc5 Rxe6 52. Ra5 Rc6 53. Bd2 Rc2 0-1

[Event "CAN-op"]
[Site "Quebec CAN"]
[Date "1981.07.13"]
[Round "4"]
[White "Petras, Mike"]
[Black "Hebert, Jean"]
[Result "0-1"]
[WhiteElo "1986"]
[BlackElo "2438"]
[PlyCount "80"]
[GameId "2160767912849340"]
[EventDate "1981.07.11"]
[EventType "swiss"]
[EventRounds "10"]
[EventCountry "CAN"]
[SourceTitle "EXT 2022"]
[Source "ChessBase"]
[SourceDate "2021.10.06"]
[SourceVersion "1"]
[SourceVersionDate "2021.10.06"]
[SourceQuality "1"]

1. e4 c5 2. Nf3 d6 3. d4 Nf6 4. Nc3 cxd4 5. Nxd4 e6 6. g4 h6 7. f4 Nc6 8. Nb3 d5 9. exd5 Nxd5 10. Ne2 e5 11. f5 h5 12. Bg2 Qh4+ 13. Kf1 Nf6 14. h3 Rg8 15. g5 Ne4 16. Bxe4 Qxe4 17. Ng3 Qc4+ 18. Qe2 Qxe2+ 19. Kxe2 h4 20. Nf1 Bxf5 21. Ne3 Be6 22. Ng2 Nb4 23. Ne1 Rc8 24. c3 Bc4+ 25. Kf2 Nxa2 26. Rxa2 Bxb3 27. Ra5 Bd6 28. Be3 a6 29. Nf3 Bc7 30. Ra3 Bd5 31. Ra4 f5 32. gxf6 gxf6 33. Rg1 Rg3 34. Rxh4 Rxf3+ 35. Ke2 Rxe3+ 36. Kd2 Kf7 37. Rh7+ Ke6 38. Rgg7 Bb6 39. Re7+ Kf5 40. Rh5+ Kg6 0-1

[Event "CAN-op"]
[Site "Quebec CAN"]
[Date "1981.07.14"]
[Round "5"]
[White "Hebert, Jean"]
[Black "Leveille, Francois"]
[Result "0-1"]
[WhiteElo "2438"]
[BlackElo "2071"]
[PlyCount "92"]
[GameId "2160767912849341"]
[EventDate "1981.07.11"]
[EventType "swiss"]
[EventRounds "10"]
[EventCountry "CAN"]
[SourceTitle "EXT 2022"]
[Source "ChessBase"]
[SourceDate "2021.10.06"]
[SourceVersion "1"]
[SourceVersionDate "2021.10.06"]
[SourceQuality "1"]

1. e4 c6 2. Nc3 d5 3. Nf3 dxe4 4. Nxe4 Nf6 5. Ng3 h5 6. h4 Bg4 7. Be2 e6 8. Ne5 Bxe2 9. Qxe2 Nbd7 10. d4 c5 11. Nxd7 Qxd7 12. dxc5 Bxc5 13. Bg5 O-O-O 14. O-O Qc7 15. Qf3 Rd5 16. Bxf6 gxf6 17. Rad1 Rhd8 18. Rxd5 Rxd5 19. c3 Qe5 20. b4 Bb6 21. a3 f5 22. Nxh5 Qe4 23. Qxe4 fxe4 24. Nf6 Re5 25. Re1 e3 26. fxe3 Bd8 27. Rf1 Rxe3 28. c4 Rxa3 29. h5 Rg3 30. c5 Rg5 31. h6 Rg6 32. Ne8 f5 33. Nd6+ Kb8 34. Nf7 Bf6 35. Rd1 Rg4 36. h7 Rxb4 37. Rd6 Rh4 38. h8=Q+ Bxh8 39. Rd8+ Kc7 40. Rxh8 Rxh8 41. Nxh8 a5 42. Ng6 a4 43. Nf4 a3 44. Nxe6+ Kc6 45. Nd4+ Kxc5 46. Nc2 a2 0-1

[Event "CAN-op"]
[Site "Quebec CAN"]
[Date "1981.07.16"]
[Round "7"]
[White "Morrison, Robert"]
[Black "Hebert, Jean"]
[Result "0-1"]
[WhiteElo "2338"]
[BlackElo "2438"]
[PlyCount "140"]
[GameId "2160767912849351"]
[EventDate "1981.07.11"]
[EventType "swiss"]
[EventRounds "10"]
[EventCountry "CAN"]
[SourceTitle "EXT 2022"]
[Source "ChessBase"]
[SourceDate "2021.10.06"]
[SourceVersion "1"]
[SourceVersionDate "2021.10.06"]
[SourceQuality "1"]

1. d4 Nf6 2. c4 g6 3. Nc3 Bg7 4. Nf3 O-O 5. e4 d6 6. Be2 Nbd7 7. O-O e5 8. Re1 a5 9. Bf1 exd4 10. Nxd4 Nc5 11. f3 c6 12. Be3 Re8 13. Qc2 a4 14. Rad1 Qe7 15. Bg5 h6 16. Bh4 Qc7 17. Kh1 Nfd7 18. Bg3 Ne5 19. h3 g5 20. Nf5 Bxf5 21. exf5 Qe7 22. Qd2 Rad8 23. Ne4 Nxe4 24. fxe4 c5 25. Re3 Rd7 26. Qa5 Nc6 27. Qxa4 Bxb2 28. Rb1 Bd4 29. Ree1 Be5 30. Bf2 Rdd8 31. Bd3 Ra8 32. Qb3 Ra7 33. Rbd1 Rea8 34. Bb1 Ra3 35. Qc2 Nb4 36. Qe2 Nxa2 37. Bxa2 Rxa2 38. Rd2 R2a3 39. Rd3 R3a4 40. Rb3 Ra2 41. Qf3 Rc2 42. f6 Qxf6 43. Qxf6 Bxf6 44. Bg3 Rc3 45. Rxc3 Bxc3 46. Rb1 Be5 47. Bxe5 dxe5 48. Rb5 Ra1+ 49. Kh2 Re1 50. Rxc5 Rxe4 51. Rc7 Kg7 52. g4 Re2+ 53. Kg3 Re3+ 54. Kf2 Rc3 55. Re7 Kf6 56. Rxb7 Rxc4 57. Rb6+ Kg7 58. Kg3 Rc3+ 59. Kg2 Ra3 60. Rb8 Ra4 61. Rc8 h5 62. Kg3 Ra3+ 63. Kg2 h4 64. Rc6 Rg3+ 65. Kh2 e4 66. Rc5 Kf6 67. Rf5+ Ke6 68. Rxg5 e3 69. Rg8 Kd5 70. Rf8 Kd4 0-1

[Event "CAN-op"]
[Site "Quebec CAN"]
[Date "1981.07.17"]
[Round "8"]
[White "Hebert, Jean"]
[Black "Ivanov, Igor V"]
[Result "0-1"]
[WhiteElo "2438"]
[BlackElo "2507"]
[PlyCount "189"]
[GameId "2160767912849355"]
[EventDate "1981.07.11"]
[EventType "swiss"]
[EventRounds "10"]
[EventCountry "CAN"]
[SourceTitle "EXT 2022"]
[Source "ChessBase"]
[SourceDate "2021.10.06"]
[SourceVersion "1"]
[SourceVersionDate "2021.10.06"]
[SourceQuality "1"]

1. e4 e5 2. Nf3 Nc6 3. Bb5 a6 4. Ba4 Nf6 5. Qe2 Be7 6. c3 b5 7. Bc2 d5 8. d3 O-O 9. Nbd2 Re8 10. Nf1 Bf8 11. Bg5 Be6 12. Bb3 Be7 13. Ng3 h6 14. Bd2 Na5 15. c4 bxc4 16. dxc4 Nxb3 17. axb3 dxe4 18. Nxe4 Bf5 19. Nxf6+ Bxf6 20. Bc3 e4 21. Nd2 e3 22. fxe3 Bh4+ 23. g3 Bd3 24. Qf3 Bg5 25. O-O-O Rxe3 26. Qc6 Bg6 27. h4 Rxc3+ 28. bxc3 Qd3 29. Kb2 Qc2+ 30. Ka3 Be7+ 31. c5 Rd8 32. Qxc7 Bf6 33. h5 Bf5 34. Rc1 Qxd2 35. Rhd1 Qxd1 36. Rxd1 Rxd1 37. Qb8+ Rd8 38. Qf4 Be6 39. c4 Be7 40. Qc7 Kf8 41. Qb6 Rc8 42. Qxa6 Bxc5+ 43. Kb2 Bd4+ 44. Ka2 Bf6 45. Qb7 Kg8 46. Qe4 Rd8 47. Ka3 Rc8 48. Kb4 Rb8+ 49. Ka3 Bc3 50. Qf3 Bb4+ 51. Kb2 Rd8 52. Qb7 Bd6 53. Qf3 Bf8 54. Kc3 Rc8 55. Qe4 Rc5 56. Qa8 Rxh5 57. b4 Rg5 58. Qb8 Rg4 59. c5 Rc4+ 60. Kd2 h5 61. Ke3 g6 62. Kd3 g5 63. Qd8 Rxb4 64. Qxg5+ Bg7 65. c6 Rd4+ 66. Ke3 Rd5 67. Qe7 Bh6+ 68. Ke4 Bg5 69. Qe8+ Kg7 70. c7 Rc5 71. Qd8 Bf6 72. Ke3 Rc3+ 73. Kf2 Kg6 74. Qd6 h4 75. gxh4 Kf5 76. Qd8 Be5 77. Qg5+ Ke4 78. h5 Rxc7 79. Qe3+ Kf5 80. h6 Rc3 81. Qd2 Rh3 82. Kg1 Kg6 83. Qd8 Rxh6 84. Qd3+ Kg7 85. Qe4 Rh5 86. Kg2 Bf6 87. Qb4 Rf5 88. Qa4 Bd5+ 89. Kg1 Kg6 90. Qa6 Kg5 91. Qa4 Rf4 92. Qd7 Bd4+ 93. Kh2 Rf2+ 94. Kg1 Ra2+ 95. Kf1 0-1

[Event "CAN-op"]
[Site "Quebec CAN"]
[Date "1981.07.19"]
[Round "10"]
[White "Hebert, Jean"]
[Black "MacPhail, John"]
[Result "1/2-1/2"]
[WhiteElo "2438"]
[BlackElo "2314"]
[PlyCount "79"]
[GameId "2160767912849360"]
[EventDate "1981.07.11"]
[EventType "swiss"]
[EventRounds "10"]
[EventCountry "CAN"]
[SourceTitle "EXT 2022"]
[Source "ChessBase"]
[SourceDate "2021.10.06"]
[SourceVersion "1"]
[SourceVersionDate "2021.10.06"]
[SourceQuality "1"]

1. e4 c5 2. Nf3 d6 3. d4 cxd4 4. Qxd4 a6 5. c4 Nc6 6. Qd1 Nf6 7. Nc3 e6 8. Be2 Be7 9. O-O O-O 10. h3 Rb8 11. a4 b6 12. b3 Bb7 13. Re1 Qc7 14. Bb2 Rbc8 15. Bf1 Rfd8 16. Rc1 Qb8 17. Nd4 Nd7 18. Nxc6 Rxc6 19. Nd5 Bf8 20. Ne3 Be7 21. Ng4 a5 22. Bd3 Bg5 23. Rb1 Bf4 24. g3 Be5 25. f4 Bxb2 26. Rxb2 Rc5 27. Rd2 Kf8 28. Bc2 Nf6 29. Nxf6 gxf6 30. e5 fxe5 31. fxe5 Ke7 32. Qh5 Rxe5 33. Rxe5 dxe5 34. Qh4+ Ke8 35. Qxh7 e4 36. Qg8+ Ke7 37. Qg5+ Ke8 38. Qg8+ Ke7 39. Qg5+ Ke8 40. Qg8+ 1/2-1/2

[Event "CAN-ch"]
[Site "Montreal CAN"]
[Date "1981.??.??"]
[Round "?"]
[White "Baragar, Fletcher"]
[Black "Hebert, Jean"]
[Result "0-1"]
[WhiteElo "2270"]
[BlackElo "2405"]
[PlyCount "124"]
[GameId "2160767912849396"]
[EventDate "1981.05.16"]
[EventType "tourn"]
[EventRounds "15"]
[EventCountry "CAN"]
[SourceTitle "MCL"]
[Source "ChessBase"]
[SourceDate "1999.07.01"]
[SourceVersion "1"]
[SourceVersionDate "1999.07.01"]
[SourceQuality "1"]

1. d4 Nf6 2. c4 g6 3. Nc3 Bg7 4. e4 O-O 5. Be2 d6 6. Bg5 h6 7. Be3 e5 8. d5 Nbd7 9. Qd2 h5 10. f3 a5 11. Bd1 Nc5 12. Bc2 Bd7 13. Nge2 Qe8 14. O-O b6 15. b3 Nh7 16. Rae1 f5 17. g3 h4 18. Kh1 Qe7 19. exf5 gxf5 20. Rg1 Rf7 21. f4 Kh8 22. Bf2 hxg3 23. Rxg3 Bh6 24. Reg1 Rg7 25. Rxg7 Bxg7 26. Qe1 Re8 27. Qf1 Qf6 28. Qh3 Qh6 29. Qf3 e4 30. Qg3 Nf6 31. Bd4 Ng4 32. Bxg7+ Kxg7 33. h3 Kf7 34. Kg2 Nf6 35. Kf1 Rh8 36. Ke1 Rg8 37. Qe3 Rxg1+ 38. Nxg1 Qg7 39. Nge2 Qg2 40. Kd2 Nh5 41. Bb1 Qf1 42. Bc2 Ke7 43. Bb1 Kd8 44. Bc2 Qg2 45. Bb1 Kc8 46. Bc2 Kb7 47. Kc1 Qf1+ 48. Kb2 Nd3+ 49. Bxd3 exd3 50. Qxd3 Nxf4 51. Qe3 Nxe2 52. Nxe2 Qe1 53. Qd3 f4 54. Ka3 Qf1 55. Qh7 Bc8 56. Nd4 Qc1+ 57. Ka4 Qb2 58. Qd3 Qxa2+ 59. Kb5 Bd7+ 60. Nc6 Qa3 61. Qc3 Qc5+ 62. Ka4 b5+ 0-1

[Event "CAN-ch"]
[Site "Montreal CAN"]
[Date "1981.??.??"]
[Round "?"]
[White "Barbeau, Sylvain"]
[Black "Hebert, Jean"]
[Result "0-1"]
[WhiteElo "2245"]
[BlackElo "2405"]
[PlyCount "74"]
[GameId "2160767912849405"]
[EventDate "1981.05.16"]
[EventType "tourn"]
[EventRounds "15"]
[EventCountry "CAN"]
[SourceTitle "MCL"]
[Source "ChessBase"]
[SourceDate "1999.07.01"]
[SourceVersion "1"]
[SourceVersionDate "1999.07.01"]
[SourceQuality "1"]

1. Nf3 g6 2. g3 Bg7 3. Bg2 e5 4. O-O d6 5. d3 Ne7 6. c4 O-O 7. Nc3 c5 8. Ne1 Nbc6 9. Nc2 Rb8 10. Rb1 f5 11. f4 Be6 12. Ne3 h6 13. Ned5 a6 14. Bd2 b5 15. cxb5 axb5 16. b4 cxb4 17. Nxb4 Nxb4 18. Rxb4 Qc8 19. Nxb5 Qc5+ 20. d4 exd4 21. a4 Nd5 22. Bxd5 Bxd5 23. Rf2 Kh7 24. h3 Rfe8 25. Rb1 Bc6 26. Qb3 Bxb5 27. axb5 Re7 28. Kf1 Reb7 29. Rc1 Rxb5 30. Qd3 Qd5 31. Qf3 Qe4 32. g4 Rb3 33. Qg2 Rb1 34. gxf5 gxf5 35. Kg1 Rxc1+ 36. Bxc1 Rb1 37. Qf1 Qc2 0-1

[Event "CAN-ch"]
[Site "Montreal CAN"]
[Date "1981.??.??"]
[Round "?"]
[White "Day, Lawrence"]
[Black "Hebert, Jean"]
[Result "0-1"]
[WhiteElo "2430"]
[BlackElo "2405"]
[PlyCount "168"]
[GameId "2160767912845324"]
[EventDate "1981.05.16"]
[EventType "tourn"]
[EventRounds "15"]
[EventCountry "CAN"]
[SourceTitle "MCL"]
[Source "ChessBase"]
[SourceDate "1999.07.01"]
[SourceVersion "1"]
[SourceVersionDate "1999.07.01"]
[SourceQuality "1"]

1. e4 d6 2. d4 g6 3. c4 Bg7 4. Nc3 Nf6 5. f4 O-O 6. Nf3 c5 7. d5 e6 8. Be2 exd5 9. e5 Ng4 10. cxd5 dxe5 11. fxe5 Nxe5 12. O-O Bf5 13. Bf4 Nbd7 14. d6 Qb6 15. Qd2 Rad8 16. Nh4 Be6 17. Bg5 f6 18. Be3 Qc6 19. Bb5 Qb6 20. b4 Nc4 21. Bxc4 Bxc4 22. bxc5 Qc6 23. Qd4 Bf7 24. Rfd1 Rfe8 25. Bf2 Re5 26. Qb4 Nxc5 27. Nf3 Rh5 28. Qa5 Ne6 29. Qa3 Bf8 30. Rac1 Bxd6 31. Qxa7 Ng5 32. Nh4 Nh3+ 33. Kh1 Re8 34. Nf3 Ng5 35. Nd5 Bxd5 36. Rxc6 Nxf3 37. h4 bxc6 38. Qd7 Re2 39. Qxd6 Rxf2 40. Qd8+ Kg7 41. Qe7+ Bf7 42. gxf3 Re5 43. Qc7 Rxa2 44. Qxc6 Ree2 45. Qc7 Rec2 46. Qg3 h5 47. Qf4 Rc4 48. Qg3 Raa4 49. Qe1 Rxh4+ 50. Kg1 Rhc4 51. Rd2 Rd4 52. Rb2 Rd7 53. Kf2 g5 54. Qc3 Rc4 55. Qa3 Rdc7 56. Qd6 Rc2+ 57. Rxc2 Rxc2+ 58. Kg1 Rc4 59. Qe7 Kg6 60. Qb7 Rf4 61. Qb1+ Kg7 62. Qb7 h4 63. Kg2 Kg6 64. Qd7 Rf5 65. Qe7 Re5 66. Qc7 Bd5 67. Qc2+ Rf5 68. Kh3 Bxf3 69. Qc8 Re5 70. Qg8+ Kf5 71. Qc8+ Re6 72. Qc2+ Be4 73. Qc8 Bc6 74. Qg8 Bd5 75. Qh7+ Kf4 76. Qc7+ Re5 77. Qd6 Kf5 78. Qb6 Kg6 79. Qb1+ Kg7 80. Kg4 Re4+ 81. Kh3 Re3+ 82. Kh2 Re2+ 83. Kg1 h3 84. Qf1 h2# 0-1

[Event "CAN-ch"]
[Site "Montreal CAN"]
[Date "1981.??.??"]
[Round "?"]
[White "Hebert, Jean"]
[Black "Buchholz, Martin"]
[Result "1-0"]
[WhiteElo "2405"]
[BlackElo "2235"]
[PlyCount "100"]
[GameId "2160767912845344"]
[EventDate "1981.05.16"]
[EventType "tourn"]
[EventRounds "15"]
[EventCountry "CAN"]
[SourceTitle "MCL"]
[Source "ChessBase"]
[SourceDate "1999.07.01"]
[SourceVersion "1"]
[SourceVersionDate "1999.07.01"]
[SourceQuality "1"]

1. Nf3 c5 2. e4 Nc6 3. Nc3 e6 4. Bb5 Nd4 5. Bc4 Ne7 6. Nxd4 cxd4 7. Ne2 Nc6 8. d3 Bb4+ 9. c3 dxc3 10. bxc3 Be7 11. d4 O-O 12. Bd3 d6 13. O-O e5 14. h3 Kh8 15. Be3 d5 16. exd5 Qxd5 17. c4 Qa5 18. d5 Nb4 19. Bd2 Qa3 20. Bb1 Na6 21. Bc3 Qd6 22. Kh1 f5 23. f4 Bf6 24. fxe5 Bxe5 25. Nd4 Bd7 26. Bd3 Nc5 27. Rc1 g6 28. Qd2 Rae8 29. Rfe1 Bg7 30. Nb3 Nxd3 31. Qxd3 b6 32. Bxg7+ Kxg7 33. Qd4+ Qf6 34. Qf4 Bc8 35. Nd4 g5 36. Qf2 f4 37. Nc6 Rxe1+ 38. Rxe1 Rf7 39. Ne5 Re7 40. Nf3 Kf7 41. Rxe7+ Kxe7 42. c5 Kd7 43. Qc2 bxc5 44. Qxc5 Qb6 45. Ne5+ Kd8 46. Qf8+ Kc7 47. Qe7+ Kb8 48. Qxg5 Qb1+ 49. Kh2 Bxh3 50. Nc6+ Kb7 1-0